000 00795nam a22001457a 4500
999 _c59599
_d59599
005 20230321113820.0
008 230321c2022 ge ||||| |||| 00| 0 geo d
022 _a1512-0481
041 _ageo
245 _aსაქართველოს უზენაესი სასამართლოს გადაწყვეტილებანი /
_bსამოქალაქო საქმეებზე : [ყოველთვიური]. სამოქალაქო კოდექსის ზოგადი დებულებანი.
300 _av.
653 _aსაქართველოს უზენაესი სასამართლოს გადაწყვეტილებანი
653 _aპერიოდიკა
942 _2udc
_cCR